000 00869nam a22002897a 4500
001 BR9607532
003 BR-BrBNA
005 20230928095326.0
007 ta
008 230509b bl.||||| |||| 00| 0 por d
040 _aBR-BrBNA
_bpor
_cBiblioteca Nacional de Agricultura
041 _a(Por)
072 _aE50; N20
090 _ E50 BR9607532
100 1 _aMeirelles, C.E.
100 1 _aRobin, P.
100 1 _aLima, V.E. de
110 1 _aFundacao Jorge Duprat Figueiredo de Seguranca e Medicina do Trabalho, Sao Paulo, SP (Brasil)
_94980
245 1 _aPrevencao de acidentes na utilizacao de tratores, maquinas e implementos agricolas
260 3 _aSao Paulo, SP (Brasil):
_c[nd].
300 _a16 p.
650 _aMecanizacao Agricola
650 _aTrator
650 _aPrevencao de Acidente
909 _a202309
_bLucia
_c55
_dLucia Elande
942 _cBK
999 _c55899
_d55899